000 00675nam a2200217 i 4500
001 C2-0243671
003 PPAK
005 20180727205217.0
008 021105s1992 my |||| ||||| | may d
040 _aPPAK
_beng
_cPPAK
_erda
082 0 4 _a370.15
_223
090 0 0 _a370.15
_bTAK
_dKAM
245 0 0 _aTaklimat Percambahan ilmu ke arah kecemerlangan pendidikan :
_bsempena menyambut Maulid Ar-Rasul tahun 1413/1992
264 1 _aKedah :
_bPejabat Pendidikan Daerah Baling/Sik ,
_c1992
300 _a23 pages ;
_c30 cm
336 _2rdacontent
_atext
337 _2rdamedia
_aunmediated
338 _2rdacarrier
_avolume
650 1 0 _aStudents - Psychology
942 _ddc
_cB
999 _c58092
_d58092